Estadísticas para Países más cercanos a Bulgaria

Haz click aquí para intentar la prueba.

Estadísticas generales

  • Esta prueba ha sido intentada 39 veces
  • La puntuación promedio es 18 de 20

Estadísticas de respuestas

kmpaís% Correcto
0Grecia
100%
0Serbia
100%
315Croacia
97%
535Eslovenia
97%
0Macedonia del Norte
97%
0Rumania
97%
0Turquía
97%
148Ucrania
97%
148Albania
95%
258Hungría
95%
54Kosovo
92%
164Moldavia
92%
175Montenegro
92%
358Rusia
92%
221Bosnia y Herzegovina
89%
533Polonia
89%
400Italia
86%
497Eslovaquia
84%
570Austria
81%
640Chequia
76%

Distribución de puntuación

Porcentaje por número respondido

Porcentaje de gente con cada puntuación

Historial de tus puntuaciones

No has intentado esta prueba.